[Event "PRO League Group Stage"]
[Site "chess.com INT"]
[Date "2018.02.24"]
[Round "7"]
[White "Smirnov, Anton"]
[Black "Li, Ruifeng"]
[Result "1-0"]
[WhiteTitle "GM"]
[BlackTitle "GM"]
[WhiteElo "2527"]
[BlackElo "2576"]
[WhiteTeam "Australia Kangaroos"]
[BlackTeam "Norway Gnomes"]
[WhiteFideId "3208923"]
[BlackFideId "2061074"]
[EventDate "2018.01.18"]

1. e4 e5 2. Nf3 Nc6 3. Bb5 a6 4. Bxc6 dxc6 5. O-O Bd6 6. d4 exd4 7. Qxd4 f6 8.
Nc3 Ne7 9. Be3 O-O 10. Qc4+ Kh8 11. h3 b5 12. Qe2 Be6 13. Rfd1 Qe8 14. a3 c5 15.
Rd2 Ng6 16. Nd5 Bxd5 17. exd5 Qe4 18. a4 bxa4 19. Qd3 Qxd3 20. cxd3 Ne7 21. Rc2
Nxd5 22. Bxc5 Nf4 23. d4 Bxc5 24. dxc5 Rfb8 25. Rxa4 Nd3 26. Rd2 Nxb2 27. Ra2
Nc4 28. Rd7 Rc8 29. Ra4 Ne5 30. Nxe5 fxe5 31. Ra5 c6 32. Rb7 Kg8 33. g3 Rd8 34.
Rb2 Kf7 35. Rb7+ Kf6 36. Rc7 Rac8 37. Rxc8 Rxc8 38. Rxa6 Rc7 39. Ra8 Ke6 40. Kg2
Kd5 41. Re8 Kxc5 42. Rxe5+ Kd4 43. Re3 c5 44. Kf1 c4 45. Ke2 Ra7 46. Rf3 g6 47.
h4 Ra2+ 48. Kd1 Ra7 49. Kd2 Kc5 50. Rf8 Rb7 51. Kc3 Rb3+ 52. Kc2 Rb7 53. Kc3
Rb3+ 54. Kc2 Kd4 55. Rf4+ Kd5 56. Rf7 Ra3 57. Rf8 Ra7 58. Kc3 Ra3+ 59. Kc2 Ra6
60. Kc3 h5 61. Rd8+ Ke4 62. Rf8 Rc6 63. Rf4+ Kd5 64. Rd4+ Ke5 65. f3 Ra6 66.
Re4+ Kd5 67. Rd4+ Ke5 68. f4+ Kf5 69. Rd5+ Kf6 70. Kxc4 Ra4+ 71. Kc5 Ra3 72. Rg5
Ra5+ 73. Kd6 Ra6+ 74. Kd5 Ra5+ 75. Ke4 Ra4+ 76. Kf3 Ra2 77. Re5 Ra3+ 78. Re3 Ra6
79. Rc3 Rd6 80. Ke4 Re6+ 81. Kd4 Re1 82. Rc6+ Kf5 83. Rc5+ Kf6 84. Rg5 Re8 85.
Kd3 Ra8 86. Ke3 Ra3+ 87. Kf2 Rb3 88. f5 gxf5 89. Rxh5 Ra3 90. Rh8 Rb3 91. Rf8+
Kg6 92. Rg8+ Kf6 93. Kg2 Rb2+ 94. Kh3 Kf7 95. Ra8 Rb3 96. Kg2 Kf6 97. Ra6+ Kg7
98. Kf2 Rc3 99. Re6 Rb3 100. Re3 Rb4 101. Kf3 Kg6 102. Rd3 Rb6 103. Rd4 Rb1 104.
Rd6+ Kh5 105. Rd8 Kg6 106. Rg8+ Kf6 107. Rd8 Rb3+ 108. Kg2 Kg6 109. Rd5 Kf6 110.
Kf2 Ra3 111. Rd6+ Kf7 112. Rb6 Rc3 113. Rb2 f4 114. Rb7+ Ke6 115. g4 Rh3 116. h5
Kf6 117. Rb6+ Kf7 118. Rb4 Kf6 119. Rb5 Kg7 120. Rg5+ Kf7 121. Rf5+ Kg7 122.
Rxf4 Kh6 123. Rf5 Ra3 124. Kg2 Rb3 125. Rf6+ Kg5 126. Rg6+ Kf4 127. h6 Rb2+ 128.
Kf1 Rh2 129. g5 Kf3 130. Ke1 Ke3 131. Kd1 Kd3 132. Kc1 Kc3 133. Kb1 Rh1+ 134.
Ka2 Rh2+ 135. Ka3 Rh1 136. Rc6+ Kd4 137. Rc7 Ke5 138. Rg7 Kf5 139. h7 Rh3+ 140.
Kb4 Rh4+ 141. Kb5 Rh1 142. g6 Rb1+ 143. Kc4 Rc1+ 144. Kd3 Rh1 145. Rg8 Rh3+ 146.
Ke2 Rh2+ 147. Kf1 Rh1+ 148. Kg2 Rh6 149. h8=Q 1-0

[Event "PRO League Group Stage"]
[Site "chess.com INT"]
[Date "2018.02.24"]
[Round "7"]
[White "Sharafiev, Azat"]
[Black "Lenderman, Aleksandr"]
[Result "1/2-1/2"]
[WhiteTitle "IM"]
[BlackTitle "GM"]
[WhiteElo "2432"]
[BlackElo "2611"]
[WhiteTeam "Volga Stormbringers"]
[BlackTeam "Montclair Sopranos"]
[WhiteFideId "4186214"]
[BlackFideId "2021285"]
[EventDate "2018.01.18"]

1. Nf3 b6 2. e4 Bb7 3. Nc3 e6 4. d4 Bb4 5. Bd3 Nf6 6. Qe2 d5 7. e5 Ne4 8. Bd2
Bxc3 9. bxc3 Nxd2 10. Qxd2 Nc6 11. h4 h6 12. Qf4 Qe7 13. Qg4 O-O-O 14. Qxg7 Rdg8
15. Qf6 Qxf6 16. exf6 Rxg2 17. Ke2 Rg4 18. Ke3 Rhg8 19. Bh7 Rh8 20. Bd3 Rhg8 21.
Bh7 Rh8 22. Bd3 1/2-1/2

[Event "PRO League Group Stage"]
[Site "chess.com INT"]
[Date "2018.02.24"]
[Round "7"]
[White "Sharafiev, Azat"]
[Black "Yu, Yangyi"]
[Result "0-1"]
[WhiteTitle "IM"]
[BlackTitle "GM"]
[WhiteElo "2432"]
[BlackElo "2760"]
[WhiteTeam "Volga Stormbringers"]
[BlackTeam "Chengdu Pandas"]
[WhiteFideId "4186214"]
[BlackFideId "8603820"]
[EventDate "2018.01.18"]

1. Nf3 Nf6 2. g3 g6 3. c4 Bg7 4. Bg2 O-O 5. O-O d6 6. Nc3 Nbd7 7. d3 e5 8. Rb1
a5 9. a3 Re8 10. Bg5 h6 11. Bxf6 Nxf6 12. Nd2 c6 13. b4 axb4 14. axb4 d5 15. b5
Be6 16. bxc6 bxc6 17. Qb3 Qa5 18. Rfc1 Bf8 19. Qb6 Qxb6 20. Rxb6 Rec8 21. Rbb1
Ba3 22. Rc2 Rab8 23. Rxb8 Rxb8 24. Ra2 Bc1 25. Rc2 Ba3 26. Ra2 Bb2 27. Nd1 Bc1
28. Rc2 Bxd2 29. Rxd2 Rb1 30. cxd5 cxd5 31. h3 d4 32. Kh2 g5 33. Nb2 Bb3 34. e3
Rc1 35. exd4 exd4 36. Bf3 Kg7 37. Kg2 h5 38. Be4 Ne8 39. f3 Nd6 40. g4 h4 41. f4
gxf4 42. Kf3 Rh1 43. Kxf4 Rxh3 44. Ke5 Nxe4 45. dxe4 Rg3 46. Rxd4 h3 47. Nd3 h2
48. Nf2 Rg2 0-1

[Event "PRO League Group Stage"]
[Site "chess.com INT"]
[Date "2018.02.24"]
[Round "7"]
[White "Sharafiev, Azat"]
[Black "Caruana, Fabiano"]
[Result "0-1"]
[WhiteTitle "IM"]
[BlackTitle "GM"]
[WhiteElo "2432"]
[BlackElo "2811"]
[WhiteTeam "Volga Stormbringers"]
[BlackTeam "Saint Louis Arch Bishops"]
[WhiteFideId "4186214"]
[BlackFideId "2020009"]
[EventDate "2018.01.18"]

1. Nf3 d5 2. g3 g6 3. d4 Bg7 4. Bg2 Nf6 5. O-O O-O 6. c3 b6 7. a4 c5 8. a5 Bb7
9. Ne5 Ne4 10. Nd2 cxd4 11. cxd4 bxa5 12. Nb3 Nc6 13. Nxc6 Bxc6 14. Rxa5 a6 15.
f3 Nd6 16. Rc5 Ba4 17. Rc3 Qb6 18. Qd3 Nb5 19. Nd2 Bxd4+ 20. e3 Nxc3 21. bxc3
Bxe3+ 0-1

[Event "PRO League Group Stage"]
[Site "chess.com INT"]
[Date "2018.02.24"]
[Round "7"]
[White "Sharafiev, Azat"]
[Black "Xiong, Jeffery"]
[Result "1/2-1/2"]
[WhiteTitle "IM"]
[BlackTitle "GM"]
[WhiteElo "2432"]
[BlackElo "2634"]
[WhiteTeam "Volga Stormbringers"]
[BlackTeam "Dallas Destiny"]
[WhiteFideId "4186214"]
[BlackFideId "2047640"]
[EventDate "2018.01.18"]

1. Nf3 c5 2. c4 Nf6 3. Nc3 d5 4. cxd5 Nxd5 5. e4 Nb4 6. d4 cxd4 7. Bb5+ N8c6 8.
a3 Qb6 9. axb4 dxc3 10. Qa4 g6 11. Be3 Qc7 12. Bd4 cxb2 13. Bxb2 f6 14. Rc1 Bh6
15. Bxc6+ bxc6 16. Rxc6 Qd7 17. Qc2 Bb7 18. Rc7 Qb5 19. Nd4 Qxb4+ 20. Bc3 Qb6
21. Qa4+ Kf7 22. Qc4+ Ke8 23. Bb4 Bf8 24. Ne6 a5 25. Ng7+ Kd8 26. Ne6+ Ke8 27.
Ng7+ Kd8 28. Ne6+ Ke8 1/2-1/2

[Event "PRO League Group Stage"]
[Site "chess.com INT"]
[Date "2018.02.24"]
[Round "7"]
[White "Bernotas, Arturs"]
[Black "Smirnov, Anton"]
[Result "0-1"]
[WhiteTitle "FM"]
[BlackTitle "GM"]
[WhiteElo "2430"]
[BlackElo "2527"]
[WhiteTeam "Riga Magicians"]
[BlackTeam "Australia Kangaroos"]
[WhiteFideId "11601426"]
[BlackFideId "3208923"]
[EventDate "2018.01.18"]

1. e4 c6 2. Nc3 d5 3. Nf3 Nf6 4. e5 Ne4 5. d4 Nxc3 6. bxc3 c5 7. Bd3 c4 8. Be2
Qa5 9. O-O e6 10. a4 b5 11. Ba3 Bxa3 12. Rxa3 bxa4 13. Qa1 Bd7 14. Rb1 Bc6 15.
h4 Nd7 16. Rb4 f6 17. exf6 gxf6 18. Qc1 Qc7 19. Qh6 Qd6 20. Ra1 Kd8 21. Nd2 a5
22. Rbb1 Kc7 23. Nf1 Qe7 24. Ne3 Rhb8 25. Re1 Rg8 26. Bg4 Rg6 27. Qf4+ Qd6 28.
Qf3 Rag8 29. Bh3 f5 30. Reb1 Nf6 31. Nf1 Ne4 32. Rd1 Rh6 33. g3 Rxh4 34. Bg2
Rhg4 35. Nd2 Nxg3 36. fxg3 Rxg3 37. Qf2 e5 38. Nf3 e4 39. Ne5 Qh6 40. Kf1 e3 41.
Qxf5 e2+ 42. Ke1 exd1=Q+ 43. Kxd1 Rxg2 44. Qf7+ Kd6 45. Nxc4+ dxc4 0-1

[Event "PRO League Group Stage"]
[Site "chess.com INT"]
[Date "2018.02.24"]
[Round "7"]
[White "Bernotas, Arturs"]
[Black "Boros, Denes"]
[Result "1-0"]
[WhiteTitle "FM"]
[BlackTitle "GM"]
[WhiteElo "2430"]
[BlackElo "2457"]
[WhiteTeam "Riga Magicians"]
[BlackTeam "Webster Windmills"]
[WhiteFideId "11601426"]
[BlackFideId "722340"]
[EventDate "2018.01.18"]

1. e4 c6 2. Nc3 g6 3. d4 Bg7 4. Nf3 d5 5. h3 dxe4 6. Nxe4 Nd7 7. Bc4 Ngf6 8.
Nxf6+ Nxf6 9. Ne5 O-O 10. O-O Qc7 11. Bf4 Qb6 12. Bb3 Nd5 13. Bg3 Be6 14. c3
Rad8 15. Qe2 a5 16. Rfe1 Qa7 17. h4 a4 18. Bc4 a3 19. h5 axb2 20. Qxb2 Bf5 21.
Bb3 Qb6 22. hxg6 hxg6 23. Rad1 Bf6 24. c4 Nb4 25. c5 Qb5 26. Bc4 Qa4 27. a3 Nc2
28. Bb3 Qxa3 29. Qxa3 Nxa3 30. d5 Bc2 31. Bxc2 Nxc2 32. dxc6 Bxe5 33. Rxd8 Rxd8
34. cxb7 Bxg3 35. fxg3 Nd4 36. Rxe7 Rb8 37. Rd7 Nc6 38. Rc7 Kg7 39. Rxc6 Rxb7
40. Kf2 Rb3 41. g4 Kh6 42. Rf6 Rc3 43. Rxf7 Rxc5 44. Kg3 Kg5 45. Kh3 Rc1 46. Ra7
Rh1+ 47. Kg3 Rf1 48. Ra5+ Kh6 49. Re5 Rd1 50. Kh3 Rh1+ 51. Kg3 Rc1 52. Kf3 Rc3+
53. Kf4 Rc4+ 54. Kg3 Rc1 55. Rd5 Rf1 56. Kh2 Rf4 57. Kh3 Re4 58. Kh4 Rc4 59. Ra5
Re4 60. Ra3 Rd4 61. Rf3 Re4 62. Rd3 Kg7 63. Kg5 Re5+ 64. Kf4 Re1 65. Rd7+ Kg8
66. Kg5 Re6 67. Kh6 Kf8 68. g5 Re2 69. Kxg6 Re6+ 70. Kh7 Re4 71. g3 Re5 72. Kg6
Re6+ 73. Kh7 Re5 74. Kh6 Ke8 75. Ra7 Re3 76. g6 Rxg3 77. Ra8+ Ke7 78. g7 Rh3+
79. Kg6 Rg3+ 80. Kh6 Rh3+ 81. Kg6 Rg3+ 82. Kh7 Rh3+ 83. Kg8 Rh2 84. Ra1 Rg2 85.
Re1+ Kf6 86. Kf8 Rg1 87. Rxg1 1-0

[Event "PRO League Group Stage"]
[Site "chess.com INT"]
[Date "2018.02.24"]
[Round "7"]
[White "Bernotas, Arturs"]
[Black "Izoria, Zviad"]
[Result "0-1"]
[WhiteTitle "FM"]
[BlackTitle "GM"]
[WhiteElo "2430"]
[BlackElo "2599"]
[WhiteTeam "Riga Magicians"]
[BlackTeam "San Jose Hackers"]
[WhiteFideId "11601426"]
[BlackFideId "13601733"]
[EventDate "2018.01.18"]

1. e4 c5 2. Nf3 d6 3. Bb5+ Nd7 4. d4 cxd4 5. Qxd4 a6 6. Bxd7+ Bxd7 7. c4 Nf6 8.
Bg5 e6 9. Nc3 Be7 10. O-O Bc6 11. Rfd1 O-O 12. Qd3 Qa5 13. a4 h6 14. Bd2 Qh5 15.
Nd4 Ng4 16. h3 Ne5 17. Qf1 g5 18. Be3 g4 19. Nxc6 bxc6 20. hxg4 Nxg4 21. Bf4 e5
22. Bg3 f5 23. f3 Ne3 24. Qe2 Nxd1 25. Rxd1 Qg6 26. Bf2 f4 27. b4 Kh8 28. b5 Rg8
29. Be1 axb5 30. cxb5 Bd8 31. g4 fxg3 32. Qg2 Bb6+ 33. Kf1 Raf8 34. Ke2 d5 35.
bxc6 dxe4 36. Nxe4 Qxc6 37. Bxg3 Qc4+ 38. Rd3 Rg6 39. Bxe5+ Kh7 40. Qh3 Rd8 41.
Bd6 Rdxd6 42. Nxd6 Rxd6 43. Qf5+ Kg8 44. Qg4+ Qxg4 45. fxg4 Re6+ 46. Kf3 Kg7 47.
Rd5 Kg6 48. a5 Bc7 49. Rc5 Bd8 50. Rd5 Bg5 51. Rb5 Re3+ 52. Kf2 Ra3 53. Rb6+ Kf7
54. Rb5 Ke6 55. Ke2 Rg3 56. Rb4 Ra3 57. Rb5 Kd6 58. Kd1 Kc6 59. Re5 Rg3 60. Re4
Kb5 61. Ke2 Kxa5 62. Kf2 Rc3 63. Re5+ Kb6 64. Rf5 Kc6 65. Rf8 Kd7 66. Rf3 Rc4
67. Kg3 Ke6 68. Rf5 Rc3+ 69. Rf3 Rc8 70. Rf5 Bf6 71. Rf3 Kf7 72. Rf5 Kg6 73. Rd5
Rc3+ 74. Kg2 Bg5 75. Rf5 Bf6 76. Rf3 Rc4 77. Kh3 Be5 78. Re3 Bf4 79. Ra3 Rc2 80.
Ra6+ Kf7 81. Ra7+ Bc7 82. g5 h5 83. g6+ Kg7 84. Kh4 Kxg6 85. Ra6+ Kf5 0-1

[Event "PRO League Group Stage"]
[Site "chess.com INT"]
[Date "2018.02.24"]
[Round "7"]
[White "Bernotas, Arturs"]
[Black "Panjwani, Raja"]
[Result "0-1"]
[WhiteTitle "FM"]
[BlackTitle "IM"]
[WhiteElo "2430"]
[BlackElo "2444"]
[WhiteTeam "Riga Magicians"]
[BlackTeam "Montreal Chessbrahs"]
[WhiteFideId "11601426"]
[BlackFideId "2604493"]
[EventDate "2018.01.18"]

1. e4 g6 2. d4 Bg7 3. Nc3 c6 4. Nf3 d6 5. a4 Nd7 6. Be2 Qc7 7. O-O Ngf6 8. Bg5
h6 9. Be3 O-O 10. a5 Rb8 11. h3 b5 12. axb6 axb6 13. Qd2 Kh7 14. Rfd1 b5 15. Bd3
e5 16. dxe5 Nxe5 17. Nxe5 dxe5 18. b4 Nh5 19. Be2 Be6 20. Bxh5 gxh5 21. Qe2 Kg6
22. Ra7 Rb7 23. Rxb7 Qxb7 24. Bc5 Rg8 25. Qf3 h4 26. Rd6 Kh7 27. Qh5 Bf6 28. Be3
Rg6 29. Rd1 Bxh3 30. Kh2 Bg4 31. Qxg6+ fxg6 32. Rd6 Be7 33. Rd3 Bxb4 34. Na2 Be7
35. Nc1 Be6 36. Ne2 Bc4 0-1

[Event "PRO League Group Stage"]
[Site "chess.com INT"]
[Date "2018.02.24"]
[Round "7"]
[White "Salem, A.R. Saleh"]
[Black "Lenderman, Aleksandr"]
[Result "1/2-1/2"]
[WhiteTitle "GM"]
[BlackTitle "GM"]
[WhiteElo "2642"]
[BlackElo "2611"]
[WhiteTeam "Delhi Dynamite"]
[BlackTeam "Montclair Sopranos"]
[WhiteFideId "9301348"]
[BlackFideId "2021285"]
[EventDate "2018.01.18"]

1. e4 e6 2. d4 d5 3. Nc3 Nf6 4. e5 Nfd7 5. f4 c5 6. Nf3 Nc6 7. Be3 a6 8. Qd2 b5
9. dxc5 Bxc5 10. Bd3 O-O 11. Ne2 Qb6 12. Ned4 Nxd4 13. Nxd4 b4 14. a3 bxa3 15.
bxa3 a5 16. c3 Ba6 17. Rb1 Qa7 18. a4 1/2-1/2

[Event "PRO League Group Stage"]
[Site "chess.com INT"]
[Date "2018.02.24"]
[Round "7"]
[White "Salem, A.R. Saleh"]
[Black "Yu, Yangyi"]
[Result "1-0"]
[WhiteTitle "GM"]
[BlackTitle "GM"]
[WhiteElo "2642"]
[BlackElo "2760"]
[WhiteTeam "Delhi Dynamite"]
[BlackTeam "Chengdu Pandas"]
[WhiteFideId "9301348"]
[BlackFideId "8603820"]
[EventDate "2018.01.18"]

1. e4 e5 2. Nf3 Nf6 3. Nxe5 d6 4. Nf3 Nxe4 5. d4 d5 6. Bd3 Bf5 7. O-O Be7 8. Re1
O-O 9. Nbd2 Nd6 10. Nf1 Bxd3 11. Qxd3 c6 12. Ng3 Na6 13. Ne5 Nc7 14. Nh5 f6 15.
Ng4 Ne4 16. f3 Ng5 17. Bxg5 fxg5 18. Re2 Bd6 19. Rae1 Qd7 20. Ne5 Qf5 21. Qd2
Rae8 22. g4 Qc8 23. Qxg5 Ne6 24. Qd2 g6 25. Nxg6 Rxf3 26. Qh6 Rf7 27. Ne5 Nxd4
28. Qg5+ Kf8 29. Ng6+ hxg6 30. Qh6+ 1-0

[Event "PRO League Group Stage"]
[Site "chess.com INT"]
[Date "2018.02.24"]
[Round "7"]
[White "Salem, A.R. Saleh"]
[Black "Caruana, Fabiano"]
[Result "0-1"]
[WhiteTitle "GM"]
[BlackTitle "GM"]
[WhiteElo "2642"]
[BlackElo "2811"]
[WhiteTeam "Delhi Dynamite"]
[BlackTeam "Saint Louis Arch Bishops"]
[WhiteFideId "9301348"]
[BlackFideId "2020009"]
[EventDate "2018.01.18"]

1. d4 d5 2. c4 dxc4 3. Nf3 Nf6 4. Nc3 a6 5. a4 e6 6. e4 Bb4 7. e5 Nd5 8. Bd2 b5
9. axb5 Nb6 10. Be2 Bb7 11. O-O O-O 12. bxa6 Rxa6 13. Rc1 N8d7 14. Ng5 h6 15.
Nh3 c5 16. Be3 Qh4 17. Nb5 Bc6 18. Nd6 Ba4 19. b3 Bxb3 20. Qxb3 cxb3 21. Bxa6
cxd4 22. Bf4 Nd5 23. Bg3 Qh5 24. Nc4 Nc5 25. Bb5 Nc3 26. Nf4 Qg5 27. h4 Qe7 28.
Bc6 Rd8 29. Ra1 d3 30. Bf3 d2 31. h5 N5e4 32. Bh2 Qc5 33. Nb2 Qd4 34. Nbd3 Nxf2
35. Nxf2 b2 36. Rab1 Nxb1 37. Rxb1 Bc5 38. Bg3 d1=Q+ 0-1

[Event "PRO League Group Stage"]
[Site "chess.com INT"]
[Date "2018.02.24"]
[Round "7"]
[White "Salem, A.R. Saleh"]
[Black "Xiong, Jeffery"]
[Result "0-1"]
[WhiteTitle "GM"]
[BlackTitle "GM"]
[WhiteElo "2642"]
[BlackElo "2634"]
[WhiteTeam "Delhi Dynamite"]
[BlackTeam "Dallas Destiny"]
[WhiteFideId "9301348"]
[BlackFideId "2047640"]
[EventDate "2018.01.18"]

1. d4 Nf6 2. c4 g6 3. Nc3 d5 4. cxd5 Nxd5 5. e4 Nxc3 6. bxc3 Bg7 7. Bc4 c5 8.
Ne2 Nc6 9. Be3 O-O 10. O-O Bg4 11. f3 Bd7 12. Qd2 Rc8 13. Rac1 e6 14. Rfd1 Na5
15. Bd3 Ba4 16. Rf1 Qd7 17. Bf2 b6 18. h4 cxd4 19. cxd4 Bb5 20. Rfd1 Bxd3 21.
Qxd3 Qa4 22. Rxc8 Rxc8 23. d5 Qxa2 24. d6 Rd8 25. d7 Qc4 26. h5 Qxd3 27. Rxd3
Nc4 28. Bh4 f6 29. h6 Bh8 30. Bg3 Ne5 31. Rd6 Kf7 32. Nd4 Ke7 33. Rxe6+ Kxd7 34.
f4 Nf7 35. f5 Ng5 36. Rd6+ Ke8 37. fxg6 hxg6 38. Rxd8+ Kxd8 39. e5 fxe5 40. Nc6+
Kd7 41. Nxa7 Nf7 42. h7 Ng5 43. Bf2 Kc7 44. Kf1 Nxh7 45. Ke2 Nf6 46. Kd3 Bg7 47.
Kc4 Bf8 48. Nb5+ Kc6 49. Na7+ Kb7 50. Nb5 Ng4 51. Bg1 Kc6 52. Na7+ Kb7 53. Nb5
e4 54. Nc3 e3 55. Kd3 Bc5 56. Ne4 Kc6 57. Ke2 Kd5 58. Nxc5 bxc5 59. Kf3 c4 60.
Kxg4 e2 61. Bf2 c3 62. Kf3 c2 0-1

[Event "PRO League Group Stage"]
[Site "chess.com INT"]
[Date "2018.02.24"]
[Round "7"]
[White "Atalik, Suat"]
[Black "Dreev, Aleksey"]
[Result "0-1"]
[WhiteTitle "GM"]
[BlackTitle "GM"]
[WhiteElo "2538"]
[BlackElo "2653"]
[WhiteTeam "Amsterdam Mosquitoes"]
[BlackTeam "San Diego Surfers"]
[WhiteFideId "14401487"]
[BlackFideId "4100107"]
[EventDate "2018.01.18"]

1. d4 d5 2. c4 c6 3. Nf3 Nf6 4. Nc3 e6 5. Bg5 Nbd7 6. cxd5 exd5 7. e3 Be7 8. Bd3
Ne4 9. Bf4 Ndf6 10. Qc2 O-O 11. h3 Bf5 12. g4 Bg6 13. Ne5 Bd6 14. f3 Nxc3 15.
Bxg6 fxg6 16. bxc3 Nd7 17. Nxd7 Qxd7 18. Bxd6 Qxd6 19. O-O Rae8 20. Rae1 Qg3+
21. Qg2 Rxf3 22. Rxf3 Qxe1+ 23. Qf1 Qxc3 24. Qf2 Qa3 25. Kg2 Qe7 26. h4 a5 27.
Qg3 h6 28. Kh3 Qe6 29. Qf4 h5 30. Rg3 hxg4+ 31. Qxg4 Qf5 32. Rf3 Qxg4+ 33. Kxg4
Rf8 34. Rg3 Rf2 35. a4 b5 36. Kg5 Kf7 37. Rg1 b4 38. Rc1 Rg2+ 39. Kf4 Ra2 40.
Rxc6 Rxa4 41. Rb6 Ra3 42. e4 dxe4 43. Kxe4 b3 44. Ke5 a4 45. Rb7+ Kg8 46. d5 Ra1
47. d6 Re1+ 48. Kd5 a3 49. Rb8+ Kh7 0-1

[Event "PRO League Group Stage"]
[Site "chess.com INT"]
[Date "2018.02.24"]
[Round "7"]
[White "Atalik, Suat"]
[Black "Iturrizaga Bonelli, Eduardo"]
[Result "1/2-1/2"]
[WhiteTitle "GM"]
[BlackTitle "GM"]
[WhiteElo "2538"]
[BlackElo "2650"]
[WhiteTeam "Amsterdam Mosquitoes"]
[BlackTeam "Miami Champions"]
[WhiteFideId "14401487"]
[BlackFideId "3901211"]
[EventDate "2018.01.18"]

1. d4 Nf6 2. c4 e6 3. Nc3 Bb4 4. Qc2 c5 5. dxc5 O-O 6. a3 Bxc5 7. Nf3 Qb6 8. e3
Be7 9. Bd3 d6 10. b3 Nbd7 11. Bb2 a6 12. b4 Qc7 13. Rc1 b6 14. Ne4 h6 15. O-O
Bb7 16. Nfd2 Rac8 17. Qb1 Rfd8 18. Rfd1 Ng4 19. h3 Ngf6 20. Nxf6+ Nxf6 21. Ne4
Nxe4 22. Bxe4 Bxe4 23. Qxe4 Bf8 24. f4 Qd7 25. Bd4 Rc6 26. Rc3 Rdc8 27. Rdc1 b5
28. c5 dxc5 29. Bxc5 Be7 30. Kh2 Bf6 31. Rd3 Qe8 32. Rcd1 Be7 33. Bxe7 Qxe7 34.
Rd7 Qf6 35. Ra7 Qf5 36. Qxf5 exf5 37. Rdd7 Rf6 38. Rac7 Rxc7 39. Rxc7 Re6 40.
Rc3 g5 41. Kg3 Kg7 42. Kf3 Kf6 43. g4 Rd6 44. Rc5 fxg4+ 45. Kxg4 gxf4 46. exf4
Kg6 47. h4 Kf6 48. Rf5+ Kg6 49. h5+ Kg7 50. a4 bxa4 51. Ra5 Rd4 52. Rxa4 a5 53.
Rxa5 Rxb4 1/2-1/2

[Event "PRO League Group Stage"]
[Site "chess.com INT"]
[Date "2018.02.24"]
[Round "7"]
[White "Atalik, Suat"]
[Black "Flores Rios, Mauricio"]
[Result "1/2-1/2"]
[WhiteTitle "GM"]
[BlackTitle "GM"]
[WhiteElo "2538"]
[BlackElo "2529"]
[WhiteTeam "Amsterdam Mosquitoes"]
[BlackTeam "Minnesota Blizzard"]
[WhiteFideId "14401487"]
[BlackFideId "3408027"]
[EventDate "2018.01.18"]

1. d4 Nf6 2. c4 g6 3. Nc3 Bg7 4. e4 d6 5. Nf3 O-O 6. Be2 e5 7. O-O exd4 8. Nxd4
Re8 9. f3 Nc6 10. Be3 Nh5 11. Rf2 f5 12. Nxc6 bxc6 13. Bd4 Bxd4 14. Qxd4 Qf6 15.
Qxf6 Nxf6 16. exf5 Bxf5 17. g4 Bd7 18. g5 Nh5 19. f4 Ng7 20. Bf3 Rf8 21. Ne4
Rxf4 22. Nf6+ Rxf6 23. gxf6 Nf5 24. b4 Rb8 25. b5 cxb5 26. Rc1 bxc4 27. Bd5+ Kf8
28. Bxc4 c6 29. Bb3 d5 30. Rc5 Kf7 31. Ra5 Kxf6 32. Rxa7 Be6 33. Rc7 Rb6 34. Ba4
Rb1+ 35. Rf1 Rb2 36. Rxc6 Rxa2 37. Bb3 Rd2 38. Rd1 Rxd1+ 39. Bxd1 Ke5 40. Kf2
Nd6 41. Rc7 Ne4+ 42. Ke1 Nf6 43. Bc2 Bf5 44. Bxf5 Kxf5 45. Kf2 h5 46. Kf3 g5 47.
h3 Ke6 48. Rg7 Kf5 49. Rf7 d4 50. Rf8 Ke5 51. Rf7 d3 52. Re7+ Kf5 53. Ra7 Nd5
54. Ra4 g4+ 55. hxg4+ hxg4+ 56. Rxg4 Ke5 57. Re4+ Kf5 58. Rd4 Ke5 59. Rxd3 Nf6
60. Ra3 Nd5 61. Ra4 Kf5 62. Kf2 Ke5 63. Ke1 Nc3 64. Rc4 Nd5 65. Kd2 Nf6 66. Kd3
Nd5 67. Rc5 Ke6 68. Ke4 Nf6+ 69. Kd4 Kd6 70. Ra5 Ke6 71. Re5+ Kd6 72. Re1 Nd7
73. Rh1 Nf6 74. Ke3 Ke5 75. Ra1 Nd5+ 76. Kf3 Kd4 77. Rd1+ Ke5 78. Rd2 Nf6 79.
Re2+ Kf5 80. Re7 Nd5 81. Rd7 Ke6 82. Rd8 Ke5 83. Kg4 Nf6+ 84. Kg5 Ne4+ 85. Kg6
Nd6 86. Rd7 Ke6 87. Ra7 Ke5 88. Ra5+ Ke6 89. Kg5 Nc4 90. Rc5 Nd6 91. Kf4 Kf6 92.
Re5 Nf7 93. Re1 Nd6 94. Rd1 Ke6 95. Rd2 Nc4 96. Re2+ Kd5 97. Kf5 Nd6+ 98. Kf6
Ne4+ 99. Kg6 Ke5 100. Re1 Kd4 101. Kf5 Nd6+ 102. Kf4 Kd5 103. Re5+ Kd4 104. Rh5
Nc4 105. Rh4 Nd6 106. Kg5+ Kd5 107. Kf6 Ne4+ 108. Ke7 Ke5 109. Rh1 Nc5 110. Re1+
Ne4 111. Kd7 Kd5 112. Kc7 Nc5 113. Rd1+ Ke5 114. Kc6 Ne4 115. Re1 Kd4 1/2-1/2

[Event "PRO League Group Stage"]
[Site "chess.com INT"]
[Date "2018.02.24"]
[Round "7"]
[White "Atalik, Suat"]
[Black "Azarov, Sergei"]
[Result "1-0"]
[WhiteTitle "GM"]
[BlackTitle "GM"]
[WhiteElo "2538"]
[BlackElo "2567"]
[WhiteTeam "Amsterdam Mosquitoes"]
[BlackTeam "Las Vegas Desert Rats"]
[WhiteFideId "14401487"]
[BlackFideId "13501470"]
[EventDate "2018.01.18"]

1. d4 Nf6 2. c4 e6 3. Nc3 Bb4 4. Qc2 b6 5. e4 c5 6. d5 Qe7 7. Ne2 d6 8. Bd2 exd5
9. exd5 O-O 10. f3 Nbd7 11. O-O-O Ne5 12. Ng3 a6 13. f4 Neg4 14. Re1 Qd8 15. h3
Nf2 16. Rg1 Re8 17. Re2 Rxe2 18. Bxe2 Qe8 19. Bf3 Bd7 20. Re1 Qc8 21. f5 b5 22.
Bg5 Bxc3 23. bxc3 bxc4 24. Qxf2 Bxf5 25. Bxf6 gxf6 26. Be4 Bg6 27. Bxg6 hxg6 28.
Qxf6 Qf8 29. Re7 Rb8 30. Ne4 1-0

[Event "PRO League Group Stage"]
[Site "chess.com INT"]
[Date "2018.02.24"]
[Round "7"]
[White "Boruchovsky, Avital"]
[Black "Aghasaryan, Robert"]
[Result "1/2-1/2"]
[WhiteTitle "GM"]
[BlackTitle "GM"]
[WhiteElo "2542"]
[BlackElo "2531"]
[WhiteTeam "Estonia Horses"]
[BlackTeam "Las Vegas Desert Rats"]
[WhiteFideId "2800055"]
[BlackFideId "13302841"]
[EventDate "2018.01.18"]

1. e4 e5 2. Nf3 Nc6 3. Bb5 Nf6 4. O-O Nxe4 5. Re1 Nd6 6. Nxe5 Be7 7. Bf1 Nxe5 8.
Rxe5 O-O 9. d4 Bf6 10. Re1 Re8 11. c3 Rxe1 12. Qxe1 Ne8 13. Bf4 d5 14. Nd2 c6
15. Bd3 g6 16. Nf3 Ng7 17. Qd2 Bf5 18. Re1 Bxd3 19. Qxd3 Qd7 20. Be5 Be7 21.
Bxg7 Kxg7 22. Ne5 Qd6 23. h3 f6 24. Ng4 Bf8 25. Qe3 Kf7 26. f4 h5 27. Nf2 Qd7
28. Qf3 Re8 29. Rxe8 Qxe8 30. Kf1 Qe6 31. Nd3 Qe4 32. f5 Qxf3+ 33. gxf3 gxf5 34.
Kg2 Bd6 35. f4 Kg6 36. Kg3 Be7 37. Ne1 Bd6 38. Ng2 Kf7 39. a4 a6 40. Kh4 Kg6 41.
Kg3 Kf7 42. Ne1 a5 43. Ng2 Bc7 44. Kh4 Kg6 45. Kg3 Kf7 46. Kh4 Kg6 1/2-1/2